| 000 | 01296cam a2200277 a 4500 | ||
|---|---|---|---|
| 001 | 1068 | ||
| 005 | 20230821133708.0 | ||
| 008 | 100406s2009 nyu c 000 1 eng | ||
| 020 | _a9780545034326 | ||
| 040 |
_aDLC _cDLC _dDLC _beng |
||
| 050 | 0 | 0 |
_aPZ7.A1587 _bGh 2009 |
| 082 | 0 | 0 |
_a[Fic] _222 |
| 100 | 1 |
_aAbbott, Tony _d1952- |
|
| 245 | 1 | 4 |
_aThe ghost road / _cTony Abbott. |
| 260 |
_aNew York : _bScholastic, _c2009. |
||
| 300 |
_a162 pages : _c20 cm. |
||
| 490 | 0 |
_aHaunting of Derek Stone ; _vBook 4 |
|
| 505 | _aM | ||
| 520 | _a"Could the road to the afterlife be a two-way street? Derek can't claim to be a normal fourteen-year-old anymore. Not after what he discovered at the Red House. His role in the war against the dead is more pivotal--and more terrifying--than he could have imagined. And so it all comes down to this. The Rift between the worlds of the living and the dead has to be closed forever. It seems like an impossible task. And it rests squarely on the shoulders of a slightly overweight, not especially brave kid named Derek Stone."--p. [4] of cover. | ||
| 521 |
_a540
_bLexile |
||
| 521 |
_aM
_bRaz-Plus |
||
| 650 | 1 |
_aSupernatural _vFiction. |
|
| 650 | 1 | _aHorror stories. | |
| 906 |
_a7 _bcbc _corignew _d2 _encip _f20 _gy-gencatlg |
||
| 942 |
_2ddc _cBK _n0 |
||
| 999 |
_c1068 _d1068 |
||